Fables de La Fontaine par noms scientifiques - Statistiques

Statistiques générales
  • Ce quiz a été pris 936 fois
  • Le résultat moyen est 8 sur 16
Statistiques - réponses
Fable scientifique Fable % Correct
Le Corvus et le Vulpes Le Corbeau et le Renard
92%
Le Rattus et l'Elephantida Le Rat et l'Éléphant
89%
La Cicadida et la Formicida La Cigale et la Fourmi
88%
Le Panthera leo et le Rattus Le Lion et le Rat
76%
Le Primate et le Delphinida Le Singe et le Dauphin
76%
La Ranida qui se veut faire aussi grosse que le Bos Taurus La Grenouille qui se veut faire aussi grosse que le bœuf
73%
Le Lepus et la Testudo Le Lièvre et la Tortue
73%
Le Canis lupus et l'Ovis aries Le Loup et l'Agneau
58%
Le Canis lupus lupus et le Canis lupus familiaris Le Loup et le Chien
54%
L'Equus caballus et l'Equus asinus Le Cheval et l'Âne
44%
La Perdrix et les Gallus La Perdrix et les Coqs
33%
Les Deux Caprae Les Deux Chèvres
33%
L'Aquila et la Pica L'Aigle et la Pie
14%
Le Quercus et l'Arundo Le Chêne et le Roseau
7%
Le Cervus elaphus et la Vitis Le Cerf et la Vigne
4%
L'Homo sapiens et la Siphonaptera L'Homme et la Puce
4%
Aucun quiz correspondant
Distribution des résultats
% des personnes avec chaque résultat
Percentile par nombre de réponses
Votre historique - résultats
Vous n’avez pas pris ce quiz